| 000 | 00485 a2200169 4500 | ||
|---|---|---|---|
| 001 | 067006 | ||
| 003 | OSt | ||
| 005 | 20211025163739.0 | ||
| 008 | |||
| 082 |
_a823.914 _bI1I |
||
| 245 | 1 |
_aIn diaspora _cedited by Makarand R. Paranjape |
|
| 260 |
_aDelhi _bIndia log _c2001 |
||
| 300 | _a351p. | ||
| 690 | _aIndia; South Asia; East Indians--Foreign countries; Emigration and immigration | ||
| 700 |
_aParanjape, Makarand R. _eEditor |
||
| 942 |
_2ddc _cBK |
||
| 999 |
_c994 _d994 |
||